Matching End Phrases Quiz Stats

Quiz Updated Apr 16, 2012

Also try: Match 'Em Up Blitz
Challenge
Share
Tweet
Embed
Score 0/20 Timer 06:00
3 Plays Today
Clue Two-word Phrase % Correct
Mickey's long-term cartoon girlfriendMinnie Mouse
94.7%
For many people, Monday to Fridaywork week
94.5%
Theory concerning the creation of the universebig bang
94.1%
Fake, colored currency from a boardgameMonopoly money
90.6%
Baseball program for young childrenLittle League
86.9%
Nickname for Florida on its license platesSunshine State
85%
Group for people with a drinking problemAlcoholics Anonymous
84.2%
Where players keep all their phone numbersblack book
83%
Interjection that precedes 'great balls of fire'goodness gracious
72.5%
Childhood challenge or kids' game show'Double Dare'
70.1%
Clue Two-word Phrase % Correct
'Grey's Anatomy' spin-off or doctor working solo'Private Practice'
64.3%
A group of paid expert idea creatorsthink tank
63.6%
A mysterious woman who leads men to dangerfemme fatale
57.9%
1917 event that overthrew the TsaristsRussian revolution
56.3%
The proper address for the PopeHis Holiness
56.2%
18-wheeler or articulated lorrytractor trailer
52.7%
Calling for people to speak 'yea' or 'nay'voice vote
26.9%
Bok choy is an example of thisChinese cabbage
26.5%
Tense seen here: 'He has eaten dinner'present perfect
22.9%
Infamous Australian penal colony nicknameBotany Bay
14.1%

You're not logged in!

Compare scores with friends on all Sporcle quizzes.
Sign Up with Email
OR
Log In

You Might Also Like...

Show Comments

Extras

Top Quizzes Today


Score Distribution

Your Account Isn't Verified!

In order to create a playlist on Sporcle, you need to verify the email address you used during registration. Go to your Sporcle Settings to finish the process.